| 000 | 01096nam a22002657a 4500 | ||
|---|---|---|---|
| 005 | 20170124105920.0 | ||
| 010 | _aB-209647 | ||
| 020 |
_a9788175411746 _c450.00 |
||
| 035 | _aB-209647 | ||
| 037 | _bCen Lib/Ret | ||
| 040 |
_aDPL _bEN |
||
| 082 |
_a331.31 _bMIS |
||
| 100 |
_aMishra,S.N. _94046 |
||
| 245 |
_aTiny Hands in Unorganised sector : _cby S.N.Mishra [and] Sweta Mishra _btowards elimentation of child labour / |
||
| 260 |
_aNew Delhi _bShipra Publications _c2004 |
||
| 270 |
_a115-A,Vikas Marg,Shakarpur _bNew Delhi _e110092 |
||
| 300 |
_avii,192p. _c23cm(Hb) |
||
| 500 | _aIncludes bibliographical reference and index | ||
| 650 |
_aLabour Economics-Child _969198 |
||
| 650 |
_aChild Labour -- Government and NGOs concern _94048 |
||
| 650 |
_aश्रम अर्थशास्त्र-बाल _969199 |
||
| 650 |
_aबाल श्रम - सरकार और गैर सरकारी संगठनों के लिए चिंता का विषय _94050 |
||
| 700 |
_aMishra,Sweta _918362 |
||
| 942 |
_2ddc _cEN _h331.31 _mMIS |
||
| 999 |
_c123083 _d123083 |
||